A Million Times for President Quiz Stats

 Plays Quiz Updated Dec 15, 2020

Support Sporcle.
Go Orange.
Score 0/81 Timer 12:00
0 Plays Today
Votes Candidate % Correct
135,417,935Barack Obama
97.3%
112,501,198George W. Bush
96.3%
87,991,147George H.W. Bush
96.1%
92,309,931Bill Clinton
95.9%
65,844,610Hillary Clinton
95.1%
137,196,383Donald Trump
93.6%
98,358,702Ronald Reagan
91.3%
103,506,309Franklin D. Roosevelt
89.4%
113,060,650Richard M. Nixon
89.3%
11,751,166Theodore Roosevelt
88.1%
34,220,984John F. Kennedy
87.3%
81,268,867Joe Biden
85.5%
76,311,996Jimmy Carter
84.8%
4,067,310Abraham Lincoln
83.6%
43,129,040Lyndon B. Johnson
83.4%
5,764,835Gary Johnson
82.7%
69,654,709Dwight D. Eisenhower
79.9%
51,009,810Al Gore
78.3%
39,148,634Gerald R. Ford
78.2%
24,179,347Harry S. Truman
75%
59,950,323John McCain
74.7%
60,934,407Mitt Romney
74.3%
37,190,116Herbert Hoover
72%
11,166,111William Howard Taft
69.2%
15,425,145Woodrow Wilson
69%
15,719,068Calvin Coolidge
67.3%
1,496,904Andrew Jackson
67%
Votes Candidate % Correct
6,611,229Ulysses S. Grant
66%
59,027,115John Kerry
63.4%
10,634,432Benjamin Harrison
62.1%
1,825,490William Henry Harrison
62%
16,006,543Grover Cleveland
61.9%
14,330,421William McKinley
60.5%
39,198,755Bob Dole
58.4%
1,339,570James K. Polk
57.8%
16,166,126Warren G. Harding
55.6%
27,829,223H. Ross Perot
55.3%
41,809,476Michael Dukakis
54.1%
1,360,235Zachary Taylor
54%
37,577,352Walter Mondale
53.4%
4,453,337James A. Garfield
53.2%
1,835,140James Buchanan
52.9%
2,184,411Martin Van Buren
52.2%
1,605,943Franklin Pierce
51.6%
4,034,142Rutherford B. Hayes
51%
44,009,221Thomas E. Dewey
50.8%
53,403,118Adlai Stevenson
44.8%
27,175,754Barry Goldwater
41.4%
4,773,798Ralph Nader
40.8%
15,015,863Al Smith
40.3%
31,271,839Hubert Humphrey
40%
29,173,222George McGovern
38.7%
1,922,053Jill Stein
35.5%
19,277,963William Jennings Bryan
33.7%
Votes Candidate % Correct
9,901,118George Wallace
30.8%
1,157,328Henry A. Wallace
30.6%
1,381,944Stephen A. Douglas
25.4%
16,683,574Alf Landon
24%
1,837,353Henry Clay
23.6%
5,719,850John Anderson
21.2%
4,286,808Samuel Tilden
20.7%
22,348,343Wendell Willkie
20.5%
8,384,341John W. Davis
19.6%
1,175,946Strom Thurmond
19.5%
2,725,572Eugene V. Debs
16.9%
9,140,256James M. Cox
15.7%
8,549,700Charles Evans Hughes
15.6%
1,806,227George McClellan
15.6%
2,833,710Horace Greeley
14.7%
1,340,668John C. Fremont
13.6%
4,856,903James G. Blaine
13.4%
1,865,720Jo Jorgensen
13.1%
5,084,537Alton B. Parker
12.6%
1,386,418Winfield Scott
12.4%
4,444,267Winfield Hancock
11.9%
4,833,821Robert M. La Follette
11.8%
2,708,980Horatio Seymour
10.2%
1,675,183Norman Thomas
10.1%
1,222,353Lewis Cass
9.4%
1,332,730James Weaver
7.3%
1,100,896John G. Schmitz
4.4%

You're not logged in!

Compare scores with friends on all Sporcle quizzes.
OR
Log In

From the Vault

Not Blind Countries

by petenge

How many countries can be seen from the top of the world's tallest building?
Remove Ads.
Support Sporcle.
Get the best of Sporcle when you Go Orange. This ad-free experience offers more features, more stats, and more fun while also helping to support Sporcle. Thank you for becoming a member.

Show Comments

Extras

Top Quizzes Today


Score Distribution

Your Account Isn't Verified!

In order to create a playlist on Sporcle, you need to verify the email address you used during registration. Go to your Sporcle Settings to finish the process.

Report this User

Report this user for behavior that violates our Community Guidelines.

Details: